Taking a stand : the clash of leaders, ideas, and strategies /

Bibliographic Details
Other Authors: Klieman, Aaron S.
Format: Book
Language:English
Published: New York : Garland Pub., 1990.
Series:American Zionism ; v. 4.
Subjects:

MARC

Tag First Indicator Second Indicator Subfields
LEADER 00000cam a22000008a 4500
001 in00000991925
005 20150927180516.0
008 900716s1990 nyu b 00000 eng
010 |a  90044345  
020 |a 0824073525 (alk. paper) 
035 |a (OCoLC)22208386 
035 |9 AEY9880AM 
040 |a DLC  |c DLC  |d TXA  |d UtOrBLW 
043 |a n-us--- 
049 |a TXAM 
050 0 0 |a DS149  |b .A716 vol. 4 
245 0 0 |a Taking a stand :  |b the clash of leaders, ideas, and strategies /  |c edited with an introduction by Aaron S. Klieman. 
263 |a 9012 
264 1 |a New York :  |b Garland Pub.,  |c 1990. 
300 |a 310 pages :  |b illustrations  
336 |a text  |b txt  |2 rdacontent 
337 |a unmediated  |b n  |2 rdamedia 
338 |a volume  |b nc  |2 rdacarrier 
490 1 |a American Zionism ;  |v v. 4 
504 |a Includes bibliographical references. 
650 0 |a Zionism  |z United States  |x History  |x Sources. 
651 0 |a United States  |x Politics and government  |v Sources. 
651 0 |a United States  |x Ethnic relations  |x Sources. 
700 1 |a Klieman, Aaron S. 
830 0 |a American Zionism ;  |v v. 4. 
999 |a MARS 
999 f f |s 7a463937-867d-3c9d-9748-da7e2852ec39  |i d13203c7-3266-3bff-9c0b-033791115308  |t 0 
952 f f |p ric  |a Texas A&M University  |b Rellis Campus  |c Joint Library Facility  |d Remote Storage  |t 0  |e DS149 .A716 v.4  |h Library of Congress classification  |i unmediated -- volume  |m A14813784767 
998 f f |a DS149 .A716 v.4  |t 0  |l Remote Storage